00810nam a2200241Ia 4500001000900000003000500009005001700014008004100031010001100072040000900083082001200092100001900104245020400123260004000327300000900367600003000376650003400406650002400440650002700464650002700491650002400518650002600542dia_1452CHAP20230627124524.0220117s1966 xx 000 0 und d a171992 cCHAP a620 P46 aPerry, John H. aManual de Ingeniería, Recopilación Practica de Datos y Métodos sobre Ingenieria de la Construcción, Química, Civil, Eléctrica, Mecánica y Nuclear /c por John H. Perry y Robert H. Perry aBarcelona, España. ed.Laborc1966 aS.p. aI. Perry, Robert H. II.t. a1.IngenieriaxManuales,etc./  aIngenieria Civil./  aIngenieria Electrica./ aIngenieria Mecanica./  aIngenieria Nuclear. aIngenieria Quimica./